| 000 | 00535 a2200181 4500 | ||
|---|---|---|---|
| 999 |
_c9340 _d9340 |
||
| 020 | _a0702115568 | ||
| 050 | _aKTL3572 DIV 1985 | ||
| 100 |
_aDivaris, Costa _eauthor |
||
| 245 |
_a1984/85 Supplement to Silke on South African income tax / _cC. Divaris & M. L. Stein |
||
| 250 | _a10th ed. | ||
| 264 |
_aKenwyn : _bJuta & Co. _c1985. |
||
| 300 | _a459p. : | ||
| 500 | _aIncludes index | ||
| 650 | _aIncome tax---South Africa | ||
| 651 | _aSouth Africa | ||
| 700 |
_aStein, M. L. _eauthor |
||
| 942 |
_2lcc _cBK _h3572 _iDIV _kKTL _e10th ed. |
||